| 000 | 01147nji a22002897a 4500 | ||
|---|---|---|---|
| 005 | 20100920111321.0 | ||
| 006 | a|||||r|||||00| 0 | ||
| 007 | sd ammalaaahaa | ||
| 008 | 100830t xxu||||| |||| 00| 0 eng d | ||
| 028 |
_a2392 569 _bMulti-Sound |
||
| 035 | _aGR-03871 | ||
| 040 |
_aSED _cSED |
||
| 100 |
_917455 _aMirchandani |
||
| 245 |
_aKabir bhajans / _cproduced by Mirchandani; sung by Tirath...[et.al]; music by Harish Bakshi _h[sound recording] : |
||
| 246 | _aकबीर भजनस / मीरचंदानी द्वारा | ||
| 260 |
_aDum Dum, India _bMulti-Sound _c1981 |
||
| 300 |
_a1 sound disc [Gramophone Recording]: _banalog, 33 1/3 rpm _c12.5 in. (LP) _fGramophone Record |
||
| 500 | _aBrief Record | ||
| 500 | _aRecord labels : Multi-Sound, Yellow | ||
| 505 | _aSide-1 (Beet gaye din) (Tirath) Side-2 (Jhini jhini bini chadariya) (Tirath) | ||
| 600 |
_aTirath _920359 |
||
| 650 |
_aKabir Bhajans _zIndia _91186 _xExcerpts |
||
| 650 |
_aDevotional Songs _920749 |
||
| 700 |
_aBakshi, Harish _920644 |
||
| 942 |
_2ddc _cGR |
||
| 999 |
_c46890 _d46890 |
||